000 00462nam a2200181Ia 4500
001 7594
005 20260306160507.0
008 260306t2007||||xx |||||||||||||| ||spa||
041 _aESP
082 _a352.00720986
_bM36
100 _aEscuela de Habitad Cehap, Alcaldía de Medellín
_eAUT
245 0 _aMedellín una mirada desde el POT
260 _c2007
300 _a64 páginas :
_c21 cm.
650 _aGEN
654 _aCAN
942 _cLIB
_dJUS
_fJUS
_2ddc
_n
999 _c7594
_d7594